Zázemí královského města Uničova : osídlení a církevní architektura /

Hlavní autor: Horn, Vladimír
Korporativní autor: Univerzita Palackého. Filozofická fakulta
Další autoři: Novák, Jakub, 1992-
Jazyk: Čeština
Vydáno: Olomouc : Univerzita Palackého v Olomouci, Filozofická fakulta, 2023
Vydání: 1. vydání
Edice: Archaeologica Olomucensia
Témata:
Fyzický popis: 178 stran : ilustrace (převážně barevné), mapy, plány ; 30 cm
Language note: Anglické resumé
Knihy
Uloženo v:
LEADER 02838cam a2200733 i 4500
001 nkc20233526661
003 CZ PrNK
005 20260304054058.0
007 ta
008 230623s2023 xr abe f 001 0 cze
015 |a cnb003526661 
020 |a 978-80-88278-99-3  |q (vázáno) 
035 |a (OCoLC)1429250643 
040 |a ABA001  |b cze  |d OLA001  |d ABA001  |e rda 
041 0 |a cze  |b eng 
043 |a e-xr---  |b e-xr-ol  |2 czenas 
072 7 |a 902  |x Archeologie  |2 Konspekt  |9 8 
080 |a 902.2  |2 MRF 
080 |a 902:904  |2 MRF 
080 |a 902"04/14"  |2 MRF 
080 |a 325  |2 MRF 
080 |a 726.54  |2 MRF 
080 |a 719:69  |2 MRF 
080 |a 726.5  |2 MRF 
080 |a 94(437.325)  |2 MRF 
080 |a (437.325)  |2 MRF 
080 |a (048.8:082)  |2 MRF 
100 1 |a Horn, Vladimír  |7 xx0311693  |4 aut 
245 1 0 |a Zázemí královského města Uničova :  |b osídlení a církevní architektura /  |c Vladimír Horn, Jakub Novák 
250 |a 1. vydání 
264 1 |a Olomouc :  |b Univerzita Palackého v Olomouci, Filozofická fakulta,  |c 2023 
300 |a 178 stran :  |b ilustrace (převážně barevné), mapy, plány ;  |c 30 cm 
336 |a text  |b txt  |2 rdacontent 
337 |a bez média  |b n  |2 rdamedia 
338 |a svazek  |b nc  |2 rdacarrier 
490 1 |a Archaeologica Olomucensia ;  |v tomus VII 
504 |a Obsahuje bibliografii, bibliografické odkazy a rejstřík 
546 |a Anglické resumé 
650 0 7 |a archeologické výzkumy  |7 ph118577  |z Česko  |2 czenas 
650 0 7 |a archeologické nálezy  |7 ph137683  |z Česko  |2 czenas 
650 0 7 |a archeologie středověku  |7 ph118579  |z Česko  |2 czenas 
650 0 7 |a osídlování  |7 ph285153  |z Česko  |2 czenas 
650 0 7 |a kostely  |7 ph114992  |z Česko  |2 czenas 
650 0 7 |a stavebněhistorický průzkum  |7 ph137762  |z Česko  |2 czenas 
650 0 7 |a církevní architektura  |7 ph114282  |z Česko  |2 czenas 
650 0 9 |a excavations (archaeology)  |z Czechia  |2 eczenas 
650 0 9 |a antiquities  |z Czechia  |2 eczenas 
650 0 9 |a medieval archaeology  |z Czechia  |2 eczenas 
650 0 9 |a land settlement  |z Czechia  |2 eczenas 
650 0 9 |a churches  |z Czechia  |2 eczenas 
650 0 9 |a constructional-historical research  |z Czechia  |2 eczenas 
650 0 9 |a church architecture  |z Czechia  |2 eczenas 
651 7 |a Uničov (Česko : oblast)  |7 ge192252  |x dějiny  |2 czenas 
651 9 |a Uničov Region (Czechia)  |x history  |2 eczenas 
655 7 |a kolektivní monografie  |7 fd501537  |2 czenas 
655 9 |a collective monographs  |2 eczenas 
700 1 |a Novák, Jakub,  |d 1992-  |7 xx0281120  |4 aut 
710 2 |a Univerzita Palackého.  |b Filozofická fakulta  |7 kn20010709373  |4 pbl 
830 0 |a Archaeologica Olomucensia  |0 s 
910 2 |a BOA001  |b 4-1520.039 
990 |a BK 
995 |a 01 
991 |b 202402  |c NOV 
996 6 |b 2610959448  |c 4-1520.039  |l MZK  |r Sklad / do 1 hodiny  |n 0  |p p.v.  |w 001951071  |u 000010  |a 1  |e BOA001  |j MZK50  |s P